Indicatifs téléphoniques - Statistiques

Statistiques générales
  • Ce quiz a été pris 23 fois
  • Le résultat moyen est 17 sur 246
Statistiques - réponses
Indicatif Pays % Correct
33 France
74%
34 Espagne
53%
1 Canada
47%
49 Allemagne
42%
32 Belgique
42%
1 États-Unis
42%
39 Italie
37%
31 Pays-Bas
37%
41 Suisse
37%
48 Pologne
26%
44 Royaume-Uni
26%
7 Russie
26%
213 Algérie
21%
30 Grèce
21%
352 Luxembourg
21%
47 Norvège
21%
27 Afrique du Sud
16%
43 Autriche
16%
225 Côte d’Ivoire
16%
53 Cuba
16%
45 Danemark
16%
20 Égypte
16%
350 Gibraltar
16%
224 Guinée
16%
961 Liban
16%
370 Lituanie
16%
351 Portugal
16%
243 République démocratique du Congo
16%
46 Suède
16%
355 Albanie
11%
376 Andorre
11%
244 Angola
11%
54 Argentine
11%
1-242 Bahamas
11%
501 Belize
11%
375 Biélorussie
11%
55 Brésil
11%
359 Bulgarie
11%
237 Cameroun
11%
56 Chili
11%
86 Chine
11%
57 Colombie
11%
506 Costa Rica
11%
385 Croatie
11%
372 Estonie
11%
358 Finlande
11%
220 Gambie
11%
509 Haïti
11%
36 Hongrie
11%
298 Îles Féroé
11%
62 Indonésie
11%
353 Irlande
11%
354 Islande
11%
383 Kosovo
11%
371 Lettonie
11%
423 Liechtenstein
11%
389 Macédoine du Nord
11%
356 Malte
11%
212 Maroc
11%
52 Mexique
11%
373 Moldavie
11%
377 Monaco
11%
382 Monténégro
11%
234 Nigeria
11%
970 Palestine
11%
51 Pérou
11%
242 République du Congo
11%
40 Roumanie
11%
378 Saint-Marin
11%
381 Serbie
11%
421 Slovaquie
11%
386 Slovénie
11%
963 Syrie
11%
420 Tchéquie
11%
216 Tunisie
11%
380 Ukraine
11%
39-6 Vatican
11%
58 Venezuela
11%
93 Afghanistan
5%
1-264 Anguilla
5%
1-268 Antigua et Barbuda
5%
966 Arabie saoudite
5%
374 Arménie
5%
297 Aruba
5%
994 Azerbaïdjan
5%
973 Bahreïn
5%
880 Bangladesh
5%
1-246 Barbade
5%
975 Bhoutan
5%
591 Bolivie
5%
267 Botswana
5%
257 Burundi
5%
855 Cambodge
5%
238 Cap-Vert
5%
357 Chypre
5%
269 Comores
5%
850 Corée du Nord
5%
82 Corée du Sud
5%
599 Curaçao
5%
971 Émirats arabes unis
5%
593 Équateur
5%
291 Érythrée
5%
268 Eswatini
5%
241 Gabon
5%
995 Géorgie
5%
299 Groenland
5%
502 Guatemala
5%
44-1481 Guernesey
5%
245 Guinée-Bissau
5%
240 Guinée équatoriale
5%
592 Guyana
5%
594 Guyane française
5%
504 Honduras
5%
358 Îles Åland
5%
91 Inde
5%
964 Irak
5%
98 Iran
5%
972 Israël
5%
81 Japon
5%
962 Jordanie
5%
997 Kazakhstan
5%
996 Kirghizistan
5%
965 Koweït
5%
856 Laos
5%
60 Malaisie
5%
960 Maldives
5%
223 Mali
5%
222 Mauritanie
5%
95 Myanmar
5%
977 Népal
5%
505 Nicaragua
5%
227 Niger
5%
968 Oman
5%
998 Ouzbékistan
5%
92 Pakistan
5%
507 Panama
5%
595 Paraguay
5%
63 Philippines
5%
974 Qatar
5%
503 Salvador
5%
221 Sénégal
5%
65 Singapour
5%
249 Soudan
5%
211 Soudan du Sud
5%
94 Sri Lanka
5%
597 Suriname
5%
886 Taïwan
5%
228 Togo
5%
90 Turquie
5%
598 Uruguay
5%
61 Australie
0%
229 Bénin
0%
1-441 Bermudes
0%
387 Bosnie-et-Herzégovine
0%
673 Brunei
0%
226 Burkina Faso
0%
236 Centrafricaine
0%
253 Djibouti
0%
1-767 Dominique
0%
251 Éthiopie
0%
679 Fidji
0%
500 Géorgie du Sud
0%
233 Ghana
0%
1-473 Grenade
0%
590 Guadeloupe (France)
0%
1-671 Guam
0%
852 Hong Kong
0%
61 Île de Noël
0%
1-345 Îles Caïmans
0%
61-891 Îles Cocos
0%
682 Îles Cook
0%
44-1624 Îles de Man
0%
6723 Îles de Norfolk
0%
500 Îles Falkland
0%
692 Îles Marshall
0%
1 Îles mineures
0%
649 Îles Pitcairn
0%
677 Îles Salomon
0%
1-649 Îles Turks et Caïques
0%
1-340 Îles Vierges américaines
0%
1-284 Îles Vierges britanniques
0%
1-876 Jamaïque
0%
44-1534 Jersey
0%
254 Kenya
0%
686 Kiribati
0%
266 Lesotho
0%
231 Liberia
0%
218 Libye
0%
853 Macao
0%
261 Madagascar
0%
265 Malawi
0%
1-670 Mariannes du Nord
0%
596 Martinique (France)
0%
230 Maurice
0%
262 Mayotte (France)
0%
691 Micronésie
0%
976 Mongolie
0%
1-664 Montserrat
0%
258 Mozambique
0%
264 Namibie
0%
674 Nauru
0%
683 Niue
0%
687 Nouvelle-Calédonie (France)
0%
64 Nouvelle-Zélande
0%
256 Ouganda
0%
680 Palaos
0%
675 Papouasie-Nouvelle-Guinée
0%
599 Pays-Bas caribéens
0%
689 Polynésie française
0%
1-787 Porto Rico
0%
1-809 République dominicaine
0%
262 Réunion (France)
0%
250 Rwanda
0%
212 Sahara occidental
0%
590 Saint-Barthélemy (France)
0%
1-869 Saint Christophe
0%
290 Sainte-Hélène
0%
1-758 Sainte-Lucie
0%
590 Saint-Martin (France)
0%
508 Saint-Pierre-et-Miquelon
0%
1-784 Saint Vincent et les Grenadines
0%
685 Samoa
0%
1-684 Samoa américaines
0%
239 São Tomé e Príncipe
0%
248 Seychelles
0%
232 Sierra Leone
0%
1-721 Sint Maarten
0%
252 Somalie
0%
47 Svalbard et Jan Mayen
0%
992 Tadjikistan
0%
255 Tanzanie
0%
235 Tchad
0%
246 Territoire britannique
0%
66 Thaïlande
0%
670 Timor oriental
0%
690 Tokelau
0%
676 Tonga
0%
1-868 Trinidad et Tobago
0%
993 Turkménistan
0%
688 Tuvalu
0%
678 Vanuatu
0%
84 Viêt Nam
0%
681 Wallis-et-Futuna
0%
967 Yémen
0%
260 Zambie
0%
263 Zimbabwe
0%
Aucun quiz correspondant
Distribution des résultats
% des personnes avec chaque résultat
Percentile par nombre de réponses
Votre historique - résultats
Vous n’avez pas pris ce quiz